| 000 | 00993nam a2200229 i 4500 | ||
|---|---|---|---|
| 001 | bg | ||
| 245 | 0 | 0 |
_aPodstawowe informacje ze spisów powszechnych 2002 : _bwojewództwo pomorskie : gminy miejskie, gminy miejsko-wiejskie, gminy wiejskie [dokument elektroniczny] / _cUrząd Statystyczny w Gdańsku. |
| 260 |
_aGdańsk : _bUS, _c2003. |
||
| 300 | _a1 dysk optyczny (CD ROM). | ||
| 490 | 1 | _aNarodowy Spis Powszechny Ludności i Mieszkań, Powszechny Spis Rolny 2002 | |
| 500 | _aMin. wymagania sprzętowe : 486 DX, 16 MB RAM, Cd-ROM, monitor VGA 800x600, 256 color, Win9x. | ||
| 650 | 9 |
_aSpis powszechny _zPolska _ystan na 2002 r. |
|
| 651 | 9 |
_aPomorskie, województwo _zstan na 2002 r. |
|
| 655 | _aDane statystyczne | ||
| 710 | 0 | _aUrząd Statystyczny (Gdańsk) | |
| 830 | _aNarodowy Spis Powszechny Ludności i Mieszkań, Powszechny Spis Rolny 2002 | ||
| 040 | _cBPK | ||
| 041 | 0 | _apol | |
| 080 | _a311.3(438)(083.41) | ||
| 942 | _cCD | ||
| 008 | s pl f |000 0 pol | ||
| 999 |
_c24036 _d24036 |
||
| 856 |
_uhttp://koha.tu.koszalin.pl/cgi-bin/koha/opac-detail.pl?biblionumber=24036 _yKatalog online BPK |
||